L'arte di essere normale /

Gespeichert in:
Bibliographische Detailangaben
1. Verfasser: Williamson, Lisa (Verfasst von)
Weitere Verfasser: Daniele, Valentina (Übersetzung)
Format: Buch
Sprache:Italienisch
Veröffentlicht: Milano : Hot Spot, 2017
Tags: Tag hinzufügen
Keine Tags, Fügen Sie das erste Tag hinzu!

MARC

LEADER 00000nam a22000007i 4500
001 IT\ICCU\TO0\1988698
003 ItRI
005 20260115232136.0
008 170510s2017 it |||||| ||||| |||||c
020 |a 9788869661815 
040 |b ita  |c importazione bologna sebina 
041 7 |a ita  |2 ISO-639-2 
082 |a 823.92  |2 19 
100 1 |a Williamson, Lisa  |0 IT\ICCU\TO0V\691747  |4 aut 
240 1 4 |a The art of being normal  |3 IT\ICCU\VIA\0335311  |9 Williamson, Lisa 
245 1 2 |a L'arte di essere normale /  |c Lisa Williamson ; traduzione di Valentina Daniele. 
260 |a Milano :  |b Hot Spot,  |c 2017 
300 |a 329 p. ;  |c 21 cm 
700 1 |a Daniele, Valentina  |0 IT\ICCU\TO0V\437691  |4 trl 
942 |2 ddc  |c BK  |n 0 
952 |0 0  |1 0  |4 0  |6 R_823_920000000000000_WIL  |7 0  |9 20765  |a BO  |b BO  |d 2026-01-15  |i 18956  |l 0  |o R 823.92 WIL  |p BO18956  |r 2026-01-15 23:21:36  |w 2026-01-15  |x [Sebina 5] [1 v.]  |y BK  |z 1 v. 
999 |c 17742  |d 17742